[Event "euyr2018"]
[Site "?"]
[Date "2018.05.25"]
[Round "1.21"]
[White "Machovcakova, Eliska"]
[Black "Mica, Marek"]
[Result "0-1"]
[BlackElo "1801"]
[WhiteElo "1306"]
[LiveChessVersion "1.4.8"]

1. d4 {[%clk 0:20:19]} Nf6 {[%clk 0:20:17]} 2. Nf3 {[%clk 0:20:19]} e6 3. Bf4 b6
{[%clk 0:20:11]} 4. e3 {[%clk 0:19:44]} Bb7 {[%clk 0:20:12]} 5. Nbd2
{[%clk 0:19:21]} d6 {[%clk 0:20:06]} 6. Bd3 {[%clk 0:17:56]} Nbd7
{[%clk 0:19:49]} 7. O-O {[%clk 0:16:43]} Qe7 {[%clk 0:19:54]} 8. Bg3
{[%clk 0:14:49]} g6 {[%clk 0:18:46]} 9. c4 {[%clk 0:13:45]} Bg7 {[%clk 0:18:34]}
10. Qe2 {[%clk 0:12:44]} O-O {[%clk 0:18:11]} 11. Rac1 {[%clk 0:11:57]} e5
{[%clk 0:16:25]} 12. dxe5 {[%clk 0:10:22]} dxe5 {[%clk 0:16:30]} 13. Bc2
{[%clk 0:08:52]} Ne8 {[%clk 0:11:26]} 14. Bh4 {[%clk 0:07:30]} f6
{[%clk 0:11:25]} 15. b3 {[%clk 0:06:49]} g5 {[%clk 0:10:08]} 16. Bg3
{[%clk 0:06:57]} f5 {[%clk 0:09:52]} 17. h3 {[%clk 0:06:05]} Nd6 {[%clk 0:09:40]}
18. Rfe1 {[%clk 0:04:33]} h6 {[%clk 0:06:33]} 19. Rcd1 {[%clk 0:03:39]} Rad8
{[%clk 0:05:33]} 20. Nb1 {[%clk 0:03:06]} Nc5 {[%clk 0:05:05]} 21. Nc3
{[%clk 0:02:40]} Nce4 {[%clk 0:04:18]} 22. Nxe4 {[%clk 0:01:56]} Nxe4
{[%clk 0:04:24]} 23. Bh2 {[%clk 0:01:52]} Nc3 {[%clk 0:04:26]} 24. Qf1
{[%clk 0:01:28]} Nxd1 {[%clk 0:04:28]} 25. Rxd1 {[%clk 0:01:35]} Rxd1
{[%clk 0:04:35]} 26. Qxd1 {[%clk 0:01:42]} Rd8 {[%clk 0:04:39]} 27. Qe2
{[%clk 0:01:21]} e4 {[%clk 0:04:19]} 28. Nd2 {[%clk 0:01:14]} Be5
{[%clk 0:03:57]} 29. Bxe5 {[%clk 0:00:55]} Qxe5 {[%clk 0:04:04]} 30. Qh5
{[%clk 0:00:38]} Rxd2 {[%clk 0:03:30]} 31. Qg6+ {[%clk 0:00:45]} Qg7
{[%clk 0:03:36]} 32. Qe6+ {[%clk 0:00:52]} Kh8 {[%clk 0:03:39]} 33. Qe8+
{[%clk 0:00:47]} Kh7 {[%clk 0:03:47]} 34. Qe6 {[%clk 0:00:35]} Rxc2
{[%clk 0:03:51]} 35. Qxf5+ {[%clk 0:00:44]} Kh8 {[%clk 0:03:59]} 0-1

[Event "euyr2018"]
[Site "?"]
[Date "2018.05.25"]
[Round "1.22"]
[White "Gyerpal, Adrian"]
[Black "Kossuth, Tomas"]
[Result "1/2-1/2"]
[BlackElo "1277"]
[WhiteElo "1733"]
[LiveChessVersion "1.4.8"]

1. d4 {[%clk 0:20:17]} d5 {[%clk 0:20:18]} 2. c4 {[%clk 0:20:25]} c6
{[%clk 0:20:26]} 3. Nf3 {[%clk 0:20:33]} Nf6 {[%clk 0:20:21]} 4. e3
{[%clk 0:20:36]} Bf5 {[%clk 0:19:44]} 5. Nc3 {[%clk 0:20:44]} e6 {[%clk 0:19:38]}
6. Be2 {[%clk 0:20:41]} Nbd7 {[%clk 0:18:51]} 7. Nh4 {[%clk 0:20:03]} Bg6
{[%clk 0:17:01]} 8. O-O {[%clk 0:19:47]} dxc4 {[%clk 0:16:30]} 9. Bxc4
{[%clk 0:18:41]} Bh5 {[%clk 0:16:10]} 10. Be2 {[%clk 0:17:18]} Bxe2
{[%clk 0:16:17]} 11. Qxe2 {[%clk 0:17:25]} Nd5 {[%clk 0:15:52]} 12. Nf3
{[%clk 0:17:22]} Be7 {[%clk 0:14:47]} 13. e4 {[%clk 0:16:57]} Nxc3
{[%clk 0:14:16]} 14. bxc3 {[%clk 0:17:05]} O-O {[%clk 0:14:24]} 15. Rb1
{[%clk 0:16:24]} b6 {[%clk 0:14:29]} 16. Bf4 {[%clk 0:15:58]} Nf6
{[%clk 0:13:12]} 17. Rfd1 {[%clk 0:15:07]} Nh5 {[%clk 0:12:10]} 18. Be3
{[%clk 0:15:08]} Qc7 {[%clk 0:11:46]} 19. e5 {[%clk 0:14:46]} g6 {[%clk 0:09:31]}
20. Rbc1 {[%clk 0:12:43]} c5 {[%clk 0:06:28]} 21. g3 {[%clk 0:09:40]} Rfd8
{[%clk 0:04:37]} 22. Bg5 {[%clk 0:09:11]} Ng7 {[%clk 0:03:20]} 23. g4
{[%clk 0:08:15]} Ne8 24. Qe3 {[%clk 0:06:36]} Bxg5 {[%clk 0:01:32]} 25. Nxg5
{[%clk 0:05:55]} h6 {[%clk 0:01:04]} 26. Ne4 {[%clk 0:06:00]} Kg7
{[%clk 0:01:03]} 27. f4 {[%clk 0:03:44]} cxd4 {[%clk 0:00:47]} 28. cxd4
{[%clk 0:03:47]} Qe7 {[%clk 0:00:37]} 29. Rf1 {[%clk 0:01:41]} Qb4
{[%clk 0:00:21]} 30. Rcd1 {[%clk 0:01:44]} Rac8 {[%clk 0:00:28]} 31. f5
{[%clk 0:01:16]} Rc4 {[%clk 0:00:21]} 32. fxe6 {[%clk 0:00:33]} fxe6
{[%clk 0:00:23]} 33. Qf2 {[%clk 0:00:31]} Qe7 {[%clk 0:00:15]} 34. Nf6 Kh8
{[%clk 0:00:12]} 35. Qf4 {[%clk 0:00:13]} g5 {[%clk 0:00:13]} 36. Qf2
{[%clk 0:00:16]} Nxf6 {[%clk 0:00:21]} 37. Qxf6+ {[%clk 0:00:20]} Qxf6
{[%clk 0:00:30]} 38. Rxf6 {[%clk 0:00:29]} Rcxd4 {[%clk 0:00:37]} 39. Rxd4
{[%clk 0:00:36]} Rxd4 {[%clk 0:00:46]} 40. Rxh6+ {[%clk 0:00:45]} Kg7
{[%clk 0:00:54]} 41. Rxe6 {[%clk 0:00:53]} Rxg4+ {[%clk 0:01:03]} 42. Kf2
{[%clk 0:01:02]} Rf4+ {[%clk 0:01:01]} 43. Kg3 {[%clk 0:01:05]} Ra4
{[%clk 0:00:45]} 44. Re7+ {[%clk 0:00:47]} Kg6 {[%clk 0:00:52]} 45. e6
{[%clk 0:00:20]} Rxa2 {[%clk 0:00:59]} 46. Re8 {[%clk 0:00:26]} Re2
{[%clk 0:00:29]} 47. Kf3 {[%clk 0:00:35]} Re5 {[%clk 0:00:34]} 48. Re7
{[%clk 0:00:39]} Kf6 {[%clk 0:00:31]} 49. Rxa7 {[%clk 0:00:48]} Rxe6
{[%clk 0:00:37]} 50. Ra4 {[%clk 0:00:50]} b5 {[%clk 0:00:24]} 51. Rb4
{[%clk 0:00:58]} Rb6 {[%clk 0:00:33]} 52. Ke4 {[%clk 0:00:58]} Ke6
{[%clk 0:00:34]} 53. Kd4 {[%clk 0:01:00]} Kf5 {[%clk 0:00:20]} 54. Kc5
{[%clk 0:01:04]} Rb8 {[%clk 0:00:29]} 55. h3 {[%clk 0:01:06]} Rh8
{[%clk 0:00:28]} 56. Rb3 {[%clk 0:01:11]} Rb8 {[%clk 0:00:31]} 57. Kc6
{[%clk 0:01:13]} b4 {[%clk 0:00:32]} 58. Kc5 {[%clk 0:01:19]} Rh8
{[%clk 0:00:24]} 59. Kd5 {[%clk 0:01:22]} Rd8+ {[%clk 0:00:16]} 60. Kc5
{[%clk 0:01:30]} Rh8 {[%clk 0:00:25]} 61. Kd5 {[%clk 0:01:39]} Rd8+
{[%clk 0:00:34]} 62. Kc5 {[%clk 0:01:45]} Rh8 {[%clk 0:00:43]} 1/2-1/2

[Event "euyr2018"]
[Site "?"]
[Date "2018.05.25"]
[Round "1.23"]
[White "Krahulcova, Martina"]
[Black "Blaha, Marek"]
[Result "0-1"]
[BlackElo "1689"]
[WhiteElo "1265"]
[LiveChessVersion "1.4.8"]

1. d4 {[%clk 0:20:16]} d5 {[%clk 0:20:19]} 2. e3 {[%clk 0:20:23]} Nc6
{[%clk 0:20:24]} 3. Bd3 {[%clk 0:20:24]} e5 {[%clk 0:20:25]} 4. c3
{[%clk 0:20:19]} e4 {[%clk 0:19:53]} 5. Bb5 {[%clk 0:20:02]} Qg5 {[%clk 0:18:36]}
6. g3 {[%clk 0:17:20]} Bg4 {[%clk 0:16:42]} 7. Bxc6+ {[%clk 0:16:02]} bxc6
{[%clk 0:16:51]} 8. f3 {[%clk 0:15:57]} Bh5 {[%clk 0:11:06]} 9. Qe2
{[%clk 0:09:45]} Bd6 {[%clk 0:08:40]} 10. Nd2 {[%clk 0:09:21]} Ne7
{[%clk 0:06:12]} 11. Nh3 {[%clk 0:08:16]} Qf5 {[%clk 0:04:17]} 12. g4
{[%clk 0:06:00]} exf3 13. gxf5 {[%clk 0:04:59]} fxe2 {[%clk 0:04:33]} 14. Ng1
{[%clk 0:04:03]} Nxf5 {[%clk 0:04:32]} 15. Ndf3 {[%clk 0:03:08]} O-O-O
{[%clk 0:03:51]} 16. Kxe2 {[%clk 0:02:39]} Rde8 {[%clk 0:03:56]} 17. Bd2
{[%clk 0:02:47]} Bf4 {[%clk 0:03:58]} 18. Kf2 {[%clk 0:01:32]} Bxe3+
{[%clk 0:03:23]} 19. Bxe3 {[%clk 0:01:21]} Nxe3 {[%clk 0:02:51]} 20. Ne5
{[%clk 0:00:23]} Ng4+ {[%clk 0:03:00]} 21. Nxg4 {[%clk 0:00:23]} Bxg4
{[%clk 0:03:09]} 22. Nf3 {[%clk 0:00:12]} Bxf3 {[%clk 0:03:17]} 23. Kxf3
{[%clk 0:00:19]} Re6 {[%clk 0:03:12]} 24. Rae1 {[%clk 0:00:27]} Rhe8
{[%clk 0:03:20]} 25. Rxe6 Rxe6 26. Rf1 {[%clk 0:00:29]} Rf6+ {[%clk 0:03:39]} 27.
Kg2 {[%clk 0:00:38]} Rxf1 {[%clk 0:03:48]} 28. Kxf1 Kd7 29. Kf2 {[%clk 0:00:54]}
Ke6 {[%clk 0:04:07]} 30. Kf3 {[%clk 0:01:02]} h5 {[%clk 0:04:11]} 31. h4
{[%clk 0:01:10]} Kf5 {[%clk 0:04:18]} 32. b4 {[%clk 0:01:15]} f6 {[%clk 0:04:26]}
33. a4 {[%clk 0:01:22]} g5 {[%clk 0:04:31]} 34. hxg5 {[%clk 0:01:28]} fxg5
{[%clk 0:04:41]} 0-1

[Event "euyr2018"]
[Site "?"]
[Date "2018.05.25"]
[Round "1.24"]
[White "Mach, Petr"]
[Black "Valko, Michal"]
[Result "1-0"]
[BlackElo "1262"]
[WhiteElo "1683"]
[LiveChessVersion "1.4.8"]

1. Nf3 {[%clk 0:20:18]} c5 {[%clk 0:20:19]} 2. c4 {[%clk 0:20:26]} Nc6
{[%clk 0:20:24]} 3. Nc3 {[%clk 0:20:34]} Nf6 {[%clk 0:20:32]} 4. g3
{[%clk 0:20:42]} g6 {[%clk 0:20:39]} 5. Bg2 {[%clk 0:20:50]} Bg7 {[%clk 0:20:45]}
6. O-O {[%clk 0:20:56]} O-O {[%clk 0:20:53]} 7. a3 {[%clk 0:21:01]} d6
{[%clk 0:20:54]} 8. Rb1 {[%clk 0:21:02]} Bf5 {[%clk 0:20:09]} 9. d3
{[%clk 0:21:10]} Nd7 10. Bd2 {[%clk 0:20:48]} a5 {[%clk 0:17:41]} 11. Nd5
{[%clk 0:20:28]} Nde5 {[%clk 0:16:30]} 12. Nxe5 {[%clk 0:20:03]} Nxe5
{[%clk 0:16:33]} 13. Qb3 {[%clk 0:17:52]} Rb8 {[%clk 0:14:58]} 14. Qb6
{[%clk 0:15:21]} Qxb6 15. Nxb6 {[%clk 0:15:28]} Nc6 {[%clk 0:14:06]} 16. Bc3
{[%clk 0:14:03]} Nd4 {[%clk 0:13:34]} 17. Rfe1 {[%clk 0:13:41]} Nc2
{[%clk 0:12:52]} 18. Rec1 {[%clk 0:13:37]} Nd4 {[%clk 0:12:50]} 19. Kf1
{[%clk 0:13:39]} Nb3 {[%clk 0:12:14]} 20. Bxg7 {[%clk 0:12:06]} Kxg7
{[%clk 0:12:07]} 21. Rc2 {[%clk 0:11:32]} h5 {[%clk 0:06:53]} 22. h4
{[%clk 0:10:48]} f6 {[%clk 0:06:33]} 23. e4 {[%clk 0:07:41]} Bg4 {[%clk 0:04:46]}
24. f3 {[%clk 0:07:26]} Be6 {[%clk 0:04:51]} 25. Nd5 {[%clk 0:07:32]} Bxd5
{[%clk 0:05:00]} 26. exd5 Nd4 27. Rd2 {[%clk 0:07:38]} b5 {[%clk 0:05:06]} 28.
Re1 {[%clk 0:07:18]} Kf7 {[%clk 0:05:05]} 29. f4 {[%clk 0:06:24]} bxc4
{[%clk 0:04:59]} 30. dxc4 {[%clk 0:06:32]} Rb3 {[%clk 0:05:08]} 31. Kf2
{[%clk 0:06:14]} Rfb8 {[%clk 0:05:15]} 32. Rb1 {[%clk 0:05:10]} Nf5
{[%clk 0:05:23]} 33. Bf3 {[%clk 0:04:48]} Nd4 {[%clk 0:05:16]} 34. Bd1
{[%clk 0:04:50]} R3b6 {[%clk 0:04:38]} 35. Ba4 {[%clk 0:03:59]} Nb3
{[%clk 0:04:38]} 36. Rd3 {[%clk 0:03:37]} Nd4 {[%clk 0:03:49]} 37. b3
{[%clk 0:03:44]} Nc2 {[%clk 0:02:47]} 38. b4 {[%clk 0:03:28]} axb4
{[%clk 0:02:44]} 39. Bxc2 {[%clk 0:03:35]} bxa3 {[%clk 0:02:49]} 40. Rxb6
{[%clk 0:03:39]} Rxb6 {[%clk 0:02:54]} 41. Rxa3 {[%clk 0:03:48]} Rb2
{[%clk 0:02:44]} 42. Rc3 {[%clk 0:03:57]} f5 {[%clk 0:02:37]} 43. Kf3
{[%clk 0:03:50]} Rb4 {[%clk 0:02:43]} 44. Bd3 {[%clk 0:03:44]} Kf6
{[%clk 0:02:46]} 45. Ra3 {[%clk 0:03:42]} Rb2 {[%clk 0:02:45]} 46. Rc3
{[%clk 0:03:01]} Kf7 {[%clk 0:02:00]} 47. Bc2 {[%clk 0:03:10]} Rb4
{[%clk 0:01:57]} 48. Bb3 {[%clk 0:03:14]} Kf6 {[%clk 0:02:03]} 49. Re3
{[%clk 0:03:20]} Kf7 {[%clk 0:02:09]} 50. Ke2 {[%clk 0:03:29]} Kf6
{[%clk 0:02:08]} 51. Kd2 {[%clk 0:03:37]} Kf7 {[%clk 0:02:13]} 52. Kc2
{[%clk 0:03:46]} Kf6 {[%clk 0:02:18]} 53. Kb2 {[%clk 0:03:46]} Rb8
{[%clk 0:02:23]} 54. Ka3 {[%clk 0:03:52]} Ra8+ {[%clk 0:02:24]} 55. Ba4
{[%clk 0:04:00]} Rb8 {[%clk 0:02:08]} 56. Rb3 {[%clk 0:03:49]} Rxb3+
{[%clk 0:01:23]} 57. Kxb3 {[%clk 0:03:56]} Kf7 {[%clk 0:01:10]} 58. Bd7
{[%clk 0:04:04]} Kf8 {[%clk 0:01:07]} 59. Ka4 {[%clk 0:04:13]} Kf7
{[%clk 0:01:11]} 60. Ka5 {[%clk 0:04:22]} Kf8 {[%clk 0:01:18]} 61. Kb6
{[%clk 0:04:31]} Kf7 {[%clk 0:01:25]} 62. Kc7 {[%clk 0:04:39]} Kf8
{[%clk 0:01:30]} 63. Kd8 {[%clk 0:04:46]} Kf7 {[%clk 0:01:37]} 64. Bc8
{[%clk 0:04:52]} Kf8 {[%clk 0:01:42]} 65. Be6 {[%clk 0:05:01]} 1-0